000 00624nam a22002057a 4500
999 _c9097
_d9097
003 AR-CdUCM
008 190327b ||||| |||| 00| 0 spa d
020 _a968-16-8026-X
040 _aMUNICIPALIDAD PROVINCIAL DEL CUSCO
_cBIBLIOTECA MUNICIPAL DEL CUSCO
082 _aSI-0039 /
_bCAR / ram
100 _aCarrasco Inglés, Aitana
_925096
245 _aRamona la mona /
260 _aMéxico :
_bFondo de Cultura Económica,
_c2006.
300 _bIlustraciones.
_c28 cm.
500 _aPáginas sin numeración.
650 _aCuentos infantiles.
_93927
650 _aSiglo XXI
_92856
942 _2ddc
_cLIBROS
945 _aafb